| 000 | 00542nam a2200193 u 4500 | ||
|---|---|---|---|
| 005 | 20240419063745.0 | ||
| 008 | 101013s2007 es r 000 0 spa d | ||
| 020 | _a9788466764209 | ||
| 035 | _aUPN01000178195 | ||
| 049 | _aI | ||
| 050 | 4 |
_aPZ74 _bD5.7 |
|
| 100 | 1 |
_aDíaz, Gloria Cecilia _934333 |
|
| 245 | 1 | 3 |
_aEl rey de corazones / _cGloria Cecilia Díaz. |
| 260 |
_aMadrid : _bAnaya, _c2007. |
||
| 300 |
_a62 p. : _bil. col. |
||
| 650 | 0 |
_aCuentos infantiles colombianos _94407 |
|
| 650 | 0 |
_aCuentos de hadas _95259 |
|
| 905 | _aInfantil | ||
| 999 |
_c150298 _d150298 |
||